<?xml version="1.0" encoding="UTF-8"?>
<record
    xmlns:xsi="http://www.w3.org/2001/XMLSchema-instance"
    xsi:schemaLocation="http://www.loc.gov/MARC21/slim http://www.loc.gov/standards/marcxml/schema/MARC21slim.xsd"
    xmlns="http://www.loc.gov/MARC21/slim">

  <leader>01888ncm0a2200421   4500</leader>
  <controlfield tag="001">RU\NLR\ONIZ\198382</controlfield>
  <controlfield tag="005">20250624194803.0</controlfield>
  <datafield tag="021" ind1=" " ind2=" ">
    <subfield code="a">RU</subfield>
    <subfield code="b">13-98&#x43D;</subfield>
    <subfield code="9">13-8&#x43D;</subfield>
  </datafield>
  <datafield tag="035" ind1=" " ind2=" ">
    <subfield code="a">RU\NLR\ONIZ\GALA\5000012359\20140613164303</subfield>
  </datafield>
  <datafield tag="035" ind1=" " ind2=" ">
    <subfield code="a">(NLR Aleph) 010888992</subfield>
  </datafield>
  <datafield tag="071" ind1="2" ind2="0">
    <subfield code="a">NN 011</subfield>
  </datafield>
  <datafield tag="090" ind1=" " ind2=" ">
    <subfield code="a">10541629</subfield>
    <subfield code="c">10541629</subfield>
  </datafield>
  <datafield tag="100" ind1=" " ind2=" ">
    <subfield code="a">20140613d2013    |||y0rusy50      ca</subfield>
  </datafield>
  <datafield tag="101" ind1="0" ind2=" ">
    <subfield code="a">rus</subfield>
  </datafield>
  <datafield tag="102" ind1=" " ind2=" ">
    <subfield code="a">RU</subfield>
  </datafield>
  <datafield tag="200" ind1="1" ind2=" ">
    <subfield code="a">&#x41F;&#x43E;&#x441;&#x432;&#x44F;&#x449;&#x435;&#x43D;&#x438;&#x435; &#x41A;&#x430;&#x440;&#x43B;&#x443; &#x41E;&#x440;&#x444;&#x443;</subfield>
    <subfield code="b">&#x41D;&#x43E;&#x442;&#x44B;</subfield>
    <subfield code="e">&#x443;&#x447;&#x435;&#x431;. &#x43F;&#x43E;&#x441;&#x43E;&#x431;&#x438;&#x435; &#x43F;&#x43E; &#x44D;&#x43B;&#x435;&#x43C;&#x435;&#x43D;&#x442;&#x430;&#x440;. &#x43C;&#x443;&#x437;&#x438;&#x446;&#x438;&#x440;&#x43E;&#x432;&#x430;&#x43D;&#x438;&#x44E; &#x438; &#x434;&#x432;&#x438;&#x436;&#x435;&#x43D;&#x438;&#x44E;</subfield>
    <subfield code="h">&#x412;&#x44B;&#x43F;. 2</subfield>
    <subfield code="i">&#x41F;&#x43E;&#x451;&#x43C;, &#x442;&#x430;&#x43D;&#x446;&#x443;&#x435;&#x43C;, &#x438;&#x433;&#x440;&#x430;&#x435;&#x43C; &#x432; &#x43E;&#x440;&#x43A;&#x435;&#x441;&#x442;&#x440;&#x435;</subfield>
    <subfield code="f">&#x415;. &#x417;&#x430;&#x431;&#x443;&#x440;&#x434;&#x44F;&#x435;&#x432;&#x430;, &#x41D;. &#x41A;&#x430;&#x440;&#x448;, &#x41D;. &#x41F;&#x435;&#x440;&#x443;&#x43D;&#x43E;&#x432;&#x430;</subfield>
  </datafield>
  <datafield tag="210" ind1=" " ind2=" ">
    <subfield code="a">&#x421;&#x430;&#x43D;&#x43A;&#x442;-&#x41F;&#x435;&#x442;&#x435;&#x440;&#x431;&#x443;&#x440;&#x433;</subfield>
    <subfield code="c">&#x41D;&#x435;&#x432;&#x441;&#x43A;&#x430;&#x44F; &#x43D;&#x43E;&#x442;&#x430;</subfield>
    <subfield code="d">2013</subfield>
  </datafield>
  <datafield tag="215" ind1=" " ind2=" ">
    <subfield code="a">55 &#x441;.</subfield>
    <subfield code="d">29 &#x441;&#x43C;</subfield>
  </datafield>
  <datafield tag="606" ind1="1" ind2=" ">
    <subfield code="a">&#x41F;&#x43E;&#x441;&#x43E;&#x431;&#x438;&#x44F; &#x43F;&#x43E; &#x433;&#x430;&#x440;&#x43C;&#x43E;&#x43D;&#x438;&#x438;</subfield>
    <subfield code="y">&#x420;&#x43E;&#x441;&#x441;&#x438;&#x44F;</subfield>
    <subfield code="z">21 &#x432;.</subfield>
    <subfield code="j">&#x41D;&#x43E;&#x442;&#x44B;</subfield>
    <subfield code="2">nlr_sh</subfield>
  </datafield>
  <datafield tag="686" ind1=" " ind2=" ">
    <subfield code="a">&#x429;907(2&#x420;=&#x420;&#x443;&#x441;)</subfield>
    <subfield code="v">LBC/SL</subfield>
    <subfield code="2">rubbk</subfield>
  </datafield>
  <datafield tag="686" ind1=" " ind2=" ">
    <subfield code="a">&#x429;98&#x44F;70</subfield>
    <subfield code="v">LBC/SL</subfield>
    <subfield code="2">rubbk</subfield>
  </datafield>
  <datafield tag="700" ind1=" " ind2="1">
    <subfield code="9">z01790</subfield>
    <subfield code="a">&#x417;&#x430;&#x431;&#x443;&#x440;&#x434;&#x44F;&#x435;&#x432;&#x430;</subfield>
    <subfield code="b">&#x415;. &#x413;.</subfield>
    <subfield code="g">&#x415;&#x43B;&#x435;&#x43D;&#x430; &#x413;&#x440;&#x438;&#x433;&#x43E;&#x440;&#x44C;&#x435;&#x432;&#x43D;&#x430;</subfield>
    <subfield code="4">070</subfield>
  </datafield>
  <datafield tag="702" ind1=" " ind2="1">
    <subfield code="9">z04790</subfield>
    <subfield code="a">&#x41F;&#x435;&#x440;&#x443;&#x43D;&#x43E;&#x432;&#x430;</subfield>
    <subfield code="b">&#x41D;. &#x41D;.</subfield>
    <subfield code="g">&#x41D;&#x438;&#x43D;&#x430; &#x41D;&#x438;&#x43A;&#x43E;&#x43B;&#x430;&#x435;&#x432;&#x43D;&#x430;</subfield>
    <subfield code="4">070</subfield>
    <subfield code="7">ca</subfield>
  </datafield>
  <datafield tag="702" ind1=" " ind2="1">
    <subfield code="9">z05790</subfield>
    <subfield code="a">&#x41A;&#x430;&#x440;&#x448;</subfield>
    <subfield code="b">&#x41D;. &#x41D;.</subfield>
    <subfield code="f">1951-</subfield>
    <subfield code="g">&#x41D;&#x430;&#x442;&#x430;&#x43B;&#x438;&#x44F; &#x41D;&#x438;&#x43A;&#x43E;&#x43B;&#x430;&#x435;&#x432;&#x43D;&#x430;</subfield>
    <subfield code="4">070</subfield>
  </datafield>
  <datafield tag="702" ind1=" " ind2="1">
    <subfield code="9">z06790</subfield>
    <subfield code="a">&#x41E;&#x440;&#x444;</subfield>
    <subfield code="b">&#x41A;.</subfield>
    <subfield code="f">1895-1982</subfield>
    <subfield code="g">&#x41A;&#x430;&#x440;&#x43B;</subfield>
    <subfield code="4">245</subfield>
  </datafield>
  <datafield tag="790" ind1=" " ind2="1">
    <subfield code="9">z01700</subfield>
    <subfield code="a">Zaburdyaeva</subfield>
    <subfield code="b">E. G.</subfield>
    <subfield code="g">Elena Grigor`evna</subfield>
    <subfield code="4">070</subfield>
  </datafield>
  <datafield tag="790" ind1=" " ind2="1">
    <subfield code="9">z04702</subfield>
    <subfield code="a">Perunova</subfield>
    <subfield code="b">N. N.</subfield>
    <subfield code="g">Nina Nikolaevna</subfield>
    <subfield code="4">070</subfield>
    <subfield code="7">ba</subfield>
  </datafield>
  <datafield tag="790" ind1=" " ind2="1">
    <subfield code="9">z05702</subfield>
    <subfield code="a">Karsh</subfield>
    <subfield code="b">N. N.</subfield>
    <subfield code="f">1951-</subfield>
    <subfield code="g">Nataliya Nikolaevna</subfield>
    <subfield code="4">070</subfield>
  </datafield>
  <datafield tag="790" ind1=" " ind2="1">
    <subfield code="9">z06702</subfield>
    <subfield code="a">Orff</subfield>
    <subfield code="b">C.</subfield>
    <subfield code="f">1895-1982</subfield>
    <subfield code="g">Carl</subfield>
    <subfield code="4">245</subfield>
  </datafield>
  <datafield tag="801" ind1=" " ind2="0">
    <subfield code="a">RU</subfield>
    <subfield code="b">NLR</subfield>
    <subfield code="c">20140613</subfield>
    <subfield code="g">PSBO</subfield>
  </datafield>
  <datafield tag="801" ind1=" " ind2="1">
    <subfield code="a">RU</subfield>
    <subfield code="b">NLR</subfield>
    <subfield code="c">20140613</subfield>
    <subfield code="2">rusmarc</subfield>
  </datafield>
  <datafield tag="801" ind1=" " ind2="2">
    <subfield code="a">RU</subfield>
    <subfield code="b">NLR</subfield>
    <subfield code="c">20190630</subfield>
  </datafield>
  <datafield tag="852" ind1=" " ind2=" ">
    <subfield code="a">NLR</subfield>
    <subfield code="b">&#x41C;</subfield>
    <subfield code="j">&#x41A;-3/26624(2)</subfield>
    <subfield code="p">&#x41C;&#x41E;&#x42D; 2013-8&#x43D;/98&#x43D;</subfield>
    <subfield code="t">1</subfield>
  </datafield>
  <datafield tag="852" ind1=" " ind2=" ">
    <subfield code="a">NLR</subfield>
    <subfield code="b">&#x41C;</subfield>
    <subfield code="j">&#x41A;-3/26624(2)&#x430;</subfield>
    <subfield code="p">&#x41C;&#x41E;&#x42D; 2013-8&#x43D;/98&#x43D;&#x430;</subfield>
    <subfield code="t">2</subfield>
  </datafield>
  <datafield tag="942" ind1=" " ind2=" ">
    <subfield code="c">SCORE</subfield>
  </datafield>
  <datafield tag="980" ind1=" " ind2=" ">
    <subfield code="a">NB</subfield>
  </datafield>
  <datafield tag="980" ind1=" " ind2=" ">
    <subfield code="a">ONIZ</subfield>
  </datafield>
  <datafield tag="995" ind1=" " ind2=" ">
    <subfield code="5">2014-06-13</subfield>
    <subfield code="b">NLR01</subfield>
    <subfield code="c">NLR01</subfield>
    <subfield code="e">ONIZ</subfield>
    <subfield code="k">&#x41A;-3/26624(2) &#x41A;-3/26624(2)</subfield>
    <subfield code="o">0</subfield>
    <subfield code="r">SCORE</subfield>
    <subfield code="s">3266242_3266242</subfield>
  </datafield>
  <datafield tag="995" ind1=" " ind2=" ">
    <subfield code="5">2014-06-13</subfield>
    <subfield code="b">NLR01</subfield>
    <subfield code="c">NLR01</subfield>
    <subfield code="e">ONIZ</subfield>
    <subfield code="k">&#x41A;-3/26624(2)&#x430; &#x41A;-3/26624(2)&#x430;</subfield>
    <subfield code="o">0</subfield>
    <subfield code="r">SCORE</subfield>
    <subfield code="s">3266242_3266242</subfield>
  </datafield>
</record>
